| 000 | 01689nam a22003137a 4500 | ||
|---|---|---|---|
| 003 | PE SENCICO BE | ||
| 005 | 20251020182710.0 | ||
| 008 | 250113b |||||||| |||| 00| 0 eng d | ||
| 020 | _a978-9972-720-40-6 | ||
| 040 |
_aPE SENCICO BE _cPE SENCICO BE |
||
| 041 | _aspa | ||
| 082 |
_a71..40981 _bO46 |
||
| 100 | 1 |
_92810 _aOlórtegui del Castillo, Tanith _eautor |
|
| 245 | 1 |
_aCiudad tropical : _bespacios urbanos en la amazonía. El caso Río Branco / _cTanith Olórtegui del Castillo |
|
| 250 | _a1a ed. | ||
| 260 |
_aLima : _bUSMP. Fondo editorial ; _c2012 |
||
| 300 |
_a119 p. : _bil. col. ; _c21 cm. |
||
| 504 | _aBibliografía: p. [111]-119 | ||
| 505 | 0 | _aTropicalidad y condicionantes ambientales -- Proyecciones y aspectos para una ciudad sostenible -- Escenarios vividos y por servir -- Proposiciones para el futuro | |
| 520 | 3 | _aRío Branco, una ciudad en crecimiento del Estado de Acre (Brasil), localizada en el tópico húmedo sur americano, ocupando un área geopolítica estratégica en la triple frontera con Perú y Bolivia; ya la ciudad más desarrollada en términos de infraestructura y servicios es materia de este estudio por las relaciones sociales de producción vinculadas a la dinámica local marcada por la economía capitalista que acaba definiendo el mismo escenario físico, climático y social de la región justifican plenamente el análisis de este trabajo | |
| 650 | 1 | 0 |
_978 _aUrbanismo |
| 650 | 2 | 0 |
_9528 _aPlanificación urbana |
| 650 | 2 | 0 |
_92399 _aPolítica urbana |
| 650 | 2 | 0 |
_9760 _aEspacios públicos |
| 651 | 0 |
_92463 _aBrasil |
|
| 710 | 1 | _aUniversidad de San Martín de Porres (Lima) | |
| 910 |
_ahfp _bhfp _chfp |
||
| 942 |
_2ddc _cLIB |
||
| 999 |
_c5051 _d5051 |
||